European Union Countries - Sudden death - Statistics

General Stats
  • This quiz has been taken 235 times
  • The average score is 14 of 27
Answers on the Grid
Answers color-coded by a green-red scale on the quiz's grid according to % correct below.
Austria
Belgium
Bulgaria
Croatia
Cyprus
Czech Republic
Denmark
Estonia
Finland
France
Germany
Greece
Hungary
Ireland
Italy
Latvia
Lithuania
Luxembourg
Malta
Netherlands
Poland
Portugal
Romania
Slovakia
Slovenia
Spain
Sweden
Albania
Andorra
Armenia
Azerbaijan
Belarus
Bosnia and Herzegovina
Vatican City
Georgia
Iceland
Kazakhstan
Liechtenstein
North Macedonia
Moldova
Montenegro
Norway
United Kingdom
Russia
San Marino
Serbia
Switzerland
Turkey
Ukraine
Israel
Canada
United States
 
Answer Stats
Answer % Correct
Germany
61%
Greece
61%
Netherlands
61%
France
60%
Spain
60%
Poland
59%
Italy
58%
Austria
55%
Denmark
52%
Belgium
51%
Ireland
51%
Portugal
51%
Latvia
50%
Croatia
49%
Czech Republic
49%
Luxembourg
49%
Lithuania
48%
Finland
47%
Slovakia
46%
Slovenia
46%
Sweden
46%
Romania
44%
Estonia
43%
Hungary
43%
Bulgaria
42%
Malta
39%
Cyprus
37%
No matching quizzes found
Score Distribution
Percent of People with Each Score
Percentile by Number Answered
Your Score History
You have not taken this quiz